000 00326nam a22001337a 4500
020 _a978-0-141-32155-4
082 _a823
_bBEN/M
100 _aBENTLEY, SUE
245 _aMAGIC KITTEN
_bSPARKLING STEPS
260 _aLONDON
_bPUFFIN BOOKS
_c2007
300 _a115
650 _aCHILDREN'S STORY BOOK
_zUNITED KINGDOM
942 _cBK
999 _c7589
_d7589